| 000 | 00506nam a22001817a 4500 | ||
|---|---|---|---|
| 999 |
_c6674 _d6674 |
||
| 003 | OSt | ||
| 005 | 20200228101105.0 | ||
| 008 | 200228b ||||| |||| 00| 0 eng d | ||
| 020 | _a978019956135 | ||
| 040 | _cDDC | ||
| 082 | _a578.09B10 2010. | ||
| 100 |
_aMorand,Serge;Krasnov,R.Boris; _913725 |
||
| 245 | _aThe Biogeography of Host-Parasite Interactions. | ||
| 260 |
_aNew York, _bOxford University Press. _c2010. |
||
| 300 |
_ax,277p; _bill. _c26cm. |
||
| 504 | _aIncludes Index. | ||
| 942 |
_2ddc _cO_SHELF |
||